| 000 | 00542nam a2200217Ia 4500 | ||
|---|---|---|---|
| 008 | 160319s9999 xx 000 0 und d | ||
| 020 | _a9712717518 | ||
| 050 | _a899.2103 | ||
| 050 | _bR791s 2005 | ||
| 100 | _aRosca, Ninotchka | ||
| 245 | _aState of war : | ||
| 245 | _ba novel / | ||
| 245 | _cNinotchka Rosca. | ||
| 260 | _aManila : | ||
| 260 | _bAnvil Pub. Inc. | ||
| 260 | _c2005 | ||
| 300 | _a382 p. : | ||
| 300 | _billustration ; | ||
| 300 | _c22 cm. | ||
| 500 | _aOriginally published: New York : W.W. Norton, c1988. | ||
| 999 |
_c292212 _d292212 |
||